Formation of Complex Company Evaluation Method Through Neural Networks Based on the Example of Construction Companies´ Collection

Vytvorenie modelu prostredníctvom použitia neurálnych sietí, ktoré budú vedieť predpovedať schopnosť spoločnosti prežiť možnú finančnú krízu. Preverenie údajov spoločností pochádzajúcich z databázy Albertina. Zberné dáta obsahujú finančné aj nefinančné indikátory všetkých stavebných spoločností z r....

Ausführliche Beschreibung

Gespeichert in:
Bibliographische Detailangaben
1. Verfasser: Vochozka, Marek
Format: Buchkapitel
Sprache:Englisch
Tags: Tag hinzufügen
Keine Tags, Fügen Sie das erste Tag hinzu!

MARC

LEADER 00000nla a2200000 4500
001 0241625
005 20240417075133.9
041 0 |a eng 
044 |a CZ 
245 1 0 |a Formation of Complex Company Evaluation Method Through Neural Networks Based on the Example of Construction Companies´ Collection  |c Marek Vochozka 
520 |a Vytvorenie modelu prostredníctvom použitia neurálnych sietí, ktoré budú vedieť predpovedať schopnosť spoločnosti prežiť možnú finančnú krízu. Preverenie údajov spoločností pochádzajúcich z databázy Albertina. Zberné dáta obsahujú finančné aj nefinančné indikátory všetkých stavebných spoločností z r. 2008-2014. 
100 1 |a Vochozka, Marek